Statistics for Manchester City - Chelsea 2015-2016

Click here to take the quiz!

General Stats

  • This quiz has been taken 203 times
  • The average score is 22 of 30

Answer Stats

Answer % Correct
Sergio Agüero ¹
98%
Vincent Kompany ¹
96%
John Terry
96%
Joe Hart
93%
Diego Costa
93%
Eden Hazard
93%
Willian
92%
Gary Cahill
91%
David Silva
90%
Branislav Ivanovic
87%
César Azpilicueta
85%
Fernandinho ¹
85%
Cesc Fabregas
81%
Raheem Sterling
80%
José Mourinho
80%
Yaya Touré
79%
Nemanja Matic
77%
Manuel Pellegrini
77%
Alexander Kolarov
75%
Bacary Sagna
74%
Asmir Begovic
71%
Jesus Navas
70%
Eliaquim Mangala
68%
Ramires
66%
Samir Nasri
59%
Kurt Zouma
54%
Wilfried Bony
39%
Martin Demichelis
35%
Radamel Falcao
35%
Juan Cuadrado
22%

Score Distribution

Percentile by Number Answered

Percent of People with Each Score

Your Score History

You have not taken this quiz